| 000 | 00716nam a2200229 i 4500 | ||
|---|---|---|---|
| 001 | 119404 | ||
| 003 | ES-MaACL | ||
| 005 | 20260129170029.0 | ||
| 007 | t| | ||
| 008 | 070214s1968 sp 00110 spa d | ||
| 100 | 1 |
_aPieper, Josef. _991919 |
|
| 245 | 1 | 0 |
_aJusticia y fortaleza / _cJosef Pieper ; versión por Manuel Garrido. |
| 260 |
_aMadrid : _bRialp, _c1968. |
||
| 300 |
_a261 p. ; _c19 cm. |
||
| 490 | 1 |
_aBiblioteca del pensamiento actual ; _v123 |
|
| 650 | 4 |
_aJusticia (Virtud) _9160757 |
|
| 650 | 4 |
_aFortaleza. _9160758 |
|
| 700 | 1 |
_aGarrido, Manuel, _d1925-2015 _955680 |
|
| 830 | 1 |
_aBiblioteca del pensamiento actual _v123 _9181187 |
|
| 852 |
_aES-MaACL _jC-51458 |
||
| 999 |
_c119404 _d119404 |
||